[Event "Bay Area IM"]
[Site "San Jose"]
[Date "2022.12.10"]
[Round "6"]
[White "Ganbold, Odondoo"]
[Black "Mei, Austin"]
[Result "1/2-1/2"]
[WhiteElo "2318"]
[BlackElo "2225"]
[PlyCount "87"]
[EventDate "2022.12.07"]
[EventType "tourn"]
[EventRounds "9"]
[EventCountry "USA"]
[EventCategory "1"]
[SourceTitle "CBM 211 Extra"]
[Source "ChessBase"]
[SourceDate "2023.01.31"]
[SourceVersion "1"]
[SourceVersionDate "2023.01.31"]
[SourceQuality "1"]

1. e4 e5 2. Nc3 Nf6 3. Bc4 Nxe4 4. Qh5 Nd6 5. Bb3 Nc6 6. Nb5 g6 7. Qf3 f5 8. Qd5 Qe7 9. Nxc7+ Kd8 10. Nxa8 b6 11. Nxb6 axb6 12. Qf3 Bb7 13. h4 Nd4 14. Qh3 f4 15. d3 Bh6 16. Nf3 Nxb3 17. axb3 e4 18. dxe4 Qxe4+ 19. Kd1 Qd5+ 20. Bd2 Ne4 21. Kc1 Nxf2 22. Qh2 Nxh1 23. Qxh1 Re8 24. Qf1 Bc6 25. Ra7 Re4 26. g3 Re6 27. Ne1 Rd6 28. Nd3 Bb5 29. Bxf4 Bxd3 30. cxd3 Bxf4+ 31. Qxf4 Qh1+ 32. Kd2 Qg2+ 33. Kc3 Qc6+ 34. Qc4 Ke7 35. Qxc6 Rxc6+ 36. Kd4 Rd6+ 37. Ke4 Re6+ 38. Kf4 Rd6 39. Rb7 Rxd3 40. Rxb6 Rd2 41. Kg5 Rxb2 42. Kh6 Rg2 43. Kxh7 Rxg3 44. Rxg6 1/2-1/2

[Event "Burlingame Chinggis"]
[Site "Burlingame"]
[Date "2015.01.31"]
[Round "7"]
[White "Ganbold, Odondoo"]
[Black "Wang, Puchen"]
[Result "1/2-1/2"]
[WhiteElo "2333"]
[BlackElo "2458"]
[PlyCount "129"]
[EventDate "2015.01.28"]
[EventType "tourn"]
[EventRounds "9"]
[EventCountry "USA"]
[EventCategory "8"]
[SourceTitle "CBM 164 Extra"]
[Source "ChessBase"]
[SourceDate "2015.03.02"]
[SourceVersion "1"]
[SourceVersionDate "2015.03.02"]
[SourceQuality "1"]

1. e4 c5 2. Nf3 d6 3. c3 Nf6 4. Be2 g6 5. 0-0 Bg7 6. Re1 0-0 7. Bf1 Bg4 8. d3 Bxf3 9. Qxf3 Nc6 10. Qh3 b5 11. Bh6 b4 12. Bxg7 Kxg7 13. Nd2 Rb8 14. Qe3 bxc3 15. bxc3 Qa5 16. Rec1 Qa4 17. Nc4 Na5 18. e5 dxe5 19. Nxa5 Qxa5 20. Qxe5 Rb7 21. h3 Rd8 22. c4 Rd6 23. Rab1 Re6 24. Qa1 Reb6 25. Rxb6 Qxb6 26. Re1 Kf8 27. Qc1 Qd6 28. Qh6+ Kg8 29. Qe3 Nh5 30. Qe4 Rd7 31. g3 Kg7 32. Rb1 Nf6 33. Qe3 a6 34. a4 Qc7 35. Qe1 Rd8 36. a5 Rd6 37. Qc3 h5 38. Bg2 Qd8 39. Qe5 Qxa5 40. Qxe7 Re6 41. Qa7 Re1+ 42. Rxe1 Qxe1+ 43. Bf1 Qe5 44. Qxa6 h4 45. gxh4 Nh5 46. Qc6 Nf4 47. Qf3 Qd4 48. Qg4 Qf6 49. Qg5 Qd4 50. Qg4 Qf6 51. Qg3 Qe5 52. h5 g5 53. h4 Kh6 54. hxg5+ Qxg5 55. Qxg5+ Kxg5 56. Kh2 Kxh5 57. Kg3 Kg5 58. Kf3 Kf5 59. Ke3 Ke5 60. Be2 Nh5 61. Bf1 Nf4 62. Be2 f5 63. Bf3 Ne6 64. Bd5 f4+ 65. Kf3 1/2-1/2

[Event "San Francisco TNM Winter op"]
[Site "San Francisco"]
[Date "2014.01.21"]
[Round "3"]
[White "Ganbold, Odondoo"]
[Black "Askin, Michael"]
[Result "1-0"]
[WhiteElo "2340"]
[BlackElo "1903"]
[PlyCount "43"]
[EventDate "2014.01.07"]
[EventType "swiss"]
[EventRounds "8"]
[EventCountry "USA"]
[SourceTitle "EXT 2016"]
[Source "ChessBase"]
[SourceDate "2015.10.08"]
[SourceVersion "1"]
[SourceVersionDate "2015.10.08"]
[SourceQuality "1"]

1. e4 c6 2. d4 d5 3. Nc3 dxe4 4. Nxe4 Nd7 5. Ng5 Ngf6 6. Bd3 e6 7. Qe2 Nb6 8. N1f3 Bd6 9. Ne5 0-0 10. Bd2 c5 11. dxc5 Bxc5 12. 0-0-0 Qd4 13. Rhf1 h6 14. f4 Nbd5 15. c4 Ba3 16. bxa3 Nc3 17. Bxc3 Qxc3+ 18. Kb1 hxg5 19. fxg5 Nd7 20. Qh5 f5 21. gxf6 Nxf6 22. Rxf6 1-0

[Event "San Francisco Smyslov Memorial"]
[Site "San Francisco"]
[Date "2010.??.??"]
[Round "5"]
[White "Ganbold, Odondoo"]
[Black "Lee, Andy C"]
[Result "1/2-1/2"]
[WhiteElo "2346"]
[BlackElo "2302"]
[PlyCount "92"]
[EventDate "2010.06.15"]
[EventType "tourn"]
[EventRounds "9"]
[EventCountry "USA"]
[EventCategory "3"]
[SourceTitle "EXT 2011"]
[Source "ChessBase"]
[SourceDate "2010.11.26"]
[SourceVersion "1"]
[SourceVersionDate "2010.11.26"]
[SourceQuality "1"]

1. e4 e5 2. Nc3 Nf6 3. g3 d5 4. exd5 Nxd5 5. Bg2 Nxc3 6. bxc3 Nc6 7. Nf3 Be7 8. 0-0 f5 9. d4 e4 10. Ng5 g6 11. h4 0-0 12. Qe2 Bd6 13. Qc4+ Kg7 14. Ne6+ Bxe6 15. Qxe6 Qe8 16. Qxe8 Raxe8 17. Re1 Ne7 18. Rb1 b6 19. c4 c5 20. d5 Be5 21. f4 Bc3 22. Bb2 Bxb2 23. Rxb2 Nc8 24. Re3 Nd6 25. Bf1 Kf6 26. a4 Nb7 27. Be2 h6 28. Kf2 g5 29. Rb1 Rg8 30. Rh1 gxf4 31. gxf4 Re7 32. Rg1 Reg7 33. Rxg7 Rxg7 34. h5 Ke7 35. Rb3 Kd7 36. Rb1 Kc7 37. Rd1 Nd6 38. Rb1 Ne8 39. a5 Nf6 40. axb6+ axb6 41. Rb3 Ne8 42. Ra3 Kb7 43. Rb3 Nd6 44. Ra3 Rg8 45. Rb3 Rg7 46. Ra3 Rg8 1/2-1/2

[Event "San Francisco Alan Benson"]
[Site "San Francisco"]
[Date "2008.08.17"]
[Round "7"]
[White "Shankland, Samuel L"]
[Black "Ganbold, Odondoo"]
[Result "1/2-1/2"]
[WhiteElo "2368"]
[BlackElo "2380"]
[PlyCount "49"]
[EventDate "2008.08.11"]
[EventType "tourn"]
[EventRounds "9"]
[EventCountry "USA"]
[EventCategory "3"]
[SourceTitle "CBM 126 Extra"]
[Source "ChessBase"]
[SourceDate "2008.11.05"]
[SourceVersion "1"]
[SourceVersionDate "2008.11.05"]
[SourceQuality "1"]

1. e4 e5 2. Nf3 Nc6 3. Bb5 a6 4. Ba4 Nf6 5. 0-0 b5 6. Bb3 Be7 7. d4 d6 8. c3 0-0 9. h3 Bb7 10. Re1 Nb8 11. Nbd2 Nbd7 12. Bc2 Re8 13. Nf1 Bf8 14. Ng3 g6 15. Nh2 d5 16. dxe5 Nxe4 17. Nxe4 dxe4 18. Bxe4 Bxe4 19. Rxe4 Nxe5 20. Bf4 Nc4 21. Rxe8 Qxd1+ 22. Rxd1 Rxe8 23. b3 Nd6 24. Kf1 Bg7 25. Bxd6 1/2-1/2

[Event "Reno Far West op"]
[Site "Reno"]
[Date "2007.04.08"]
[Round "5"]
[White "Kudrin, Sergey"]
[Black "Ganbold, Odondoo"]
[Result "1/2-1/2"]
[WhiteElo "2609"]
[BlackElo "2382"]
[PlyCount "102"]
[EventDate "2007.04.06"]
[EventType "swiss"]
[EventRounds "6"]
[EventCountry "USA"]
[SourceTitle "EXT 2009"]
[Source "ChessBase"]
[SourceDate "2008.11.26"]
[SourceVersion "1"]
[SourceVersionDate "2008.11.26"]
[SourceQuality "1"]

1. e4 e5 2. Nf3 Nc6 3. Bc4 g6 4. c3 Bg7 5. d4 d6 6. 0-0 Nf6 7. dxe5 Nxe5 8. Nxe5 dxe5 9. Qxd8+ Kxd8 10. Bxf7 Nxe4 11. Nd2 Nxd2 12. Bxd2 Ke7 13. Bb3 Be6 14. Rfe1 Bxb3 15. axb3 Kf7 16. c4 Rhe8 17. Re4 Bf6 18. Bc3 g5 19. Kf1 a6 20. Rae1 Re6 21. f3 Rae8 22. c5 h6 23. Rd1 Ke7 24. Ke2 Rd8 25. Rxd8 Kxd8 26. Rb4 Rc6 27. Rxb7 Rxc5 28. Rb8+ Kd7 29. Rg8 Ke6 30. Ke3 Rb5 31. Ra8 Rxb3 32. Rxa6+ Rb6 33. Rxb6+ cxb6 34. Ke4 h5 35. h3 h4 36. Bd2 b5 37. Be3 Bd8 38. Bc5 Ba5 39. Ba7 Be1 40. Bb6 Bg3 41. Be3 Bf4 42. Bc5 Bg3 43. Bb4 Bh2 44. Bd2 Bf4 45. Bc3 Bg3 46. Ba5 Bh2 47. Be1 Bf4 48. Bf2 Bh2 49. Bb6 Bg3 50. Bg1 Bf4 51. Bf2 Bh2 1/2-1/2

[Event "San Francisco Addison op g/45"]
[Site "San Francisco"]
[Date "2005.06.25"]
[Round "5"]
[White "Ganbold, Odondoo"]
[Black "Perepelitsky, Philipp"]
[Result "1-0"]
[WhiteElo "2425"]
[BlackElo "1952"]
[PlyCount "55"]
[EventDate "2005.06.25"]
[EventType "swiss (rapid)"]
[EventRounds "5"]
[EventCountry "USA"]
[SourceTitle "EXT 2007"]
[Source "ChessBase"]
[SourceDate "2006.11.23"]
[SourceVersion "1"]
[SourceVersionDate "2006.11.23"]
[SourceQuality "1"]

1. e4 d6 2. d4 Nf6 3. Nc3 g6 4. Bg5 Bg7 5. Qd2 h6 6. Bf4 g5 7. Bg3 Nh5 8. Nge2 Nc6 9. f3 Nxg3 10. hxg3 Bd7 11. g4 e6 12. 0-0-0 Qe7 13. Kb1 0-0-0 14. d5 exd5 15. exd5 Ne5 16. Nd4 Kb8 17. Bb5 Bxb5 18. Ncxb5 a6 19. Nc3 Nc4 20. Qd3 Bxd4 21. Qxd4 Ne5 22. Ne4 Rdf8 23. Ng3 Qf6 24. b3 Re8 25. Rde1 Qg6 26. Qa4 Qf6 27. Re4 Ng6 28. Rxe8+ 1-0

[Event "San Francisco Addison op g/45"]
[Site "San Francisco"]
[Date "2005.06.25"]
[Round "4"]
[White "Luke, Gary"]
[Black "Ganbold, Odondoo"]
[Result "0-1"]
[WhiteElo "1845"]
[BlackElo "2425"]
[PlyCount "76"]
[EventDate "2005.06.25"]
[EventType "swiss (rapid)"]
[EventRounds "5"]
[EventCountry "USA"]
[SourceTitle "EXT 2007"]
[Source "ChessBase"]
[SourceDate "2006.11.23"]
[SourceVersion "1"]
[SourceVersionDate "2006.11.23"]
[SourceQuality "1"]

1. e4 e5 2. f4 exf4 3. Nf3 d6 4. Bc4 Nc6 5. 0-0 g5 6. d4 Bg7 7. c3 h6 8. b4 Nf6 9. Qc2 0-0 10. b5 Ne7 11. e5 Bf5 12. Qe2 Nfd5 13. h3 dxe5 14. Nxe5 Nxc3 15. Nxc3 Qxd4+ 16. Kh1 Qxe5 17. Bb2 Qxe2 18. Bxe2 Rad8 19. Rad1 Bc2 20. Rxd8 Rxd8 21. Bf3 b6 22. Rf2 Bf5 23. Re2 Be6 24. Rc2 Nf5 25. Ne4 Ne3 26. Bf6 Rd7 27. Rb2 Bf5 28. Bxg7 Kxg7 29. Nc3 Rd3 30. Rb3 Be6 31. Ra3 Nc4 32. Be2 Re3 33. Rb3 Ne5 34. Ra3 f3 35. gxf3 Nxf3 36. Kg2 Nd4 37. Kf2 Rxh3 38. Bd1 g4 0-1

[Event "San Francisco Stamer Memorial"]
[Site "San Francisco"]
[Date "2005.06.04"]
[Round "1"]
[White "Ganbold, Odondoo"]
[Black "Woebcke, Carl"]
[Result "1-0"]
[WhiteElo "2425"]
[BlackElo "1637"]
[PlyCount "51"]
[EventDate "2005.06.04"]
[EventType "swiss"]
[EventRounds "6"]
[EventCountry "USA"]
[SourceTitle "EXT 2007"]
[Source "ChessBase"]
[SourceDate "2006.11.23"]
[SourceVersion "1"]
[SourceVersionDate "2006.11.23"]
[SourceQuality "1"]

1. e4 c5 2. Nf3 d6 3. Bb5+ Nd7 4. d4 a6 5. Bc4 e6 6. a4 Ngf6 7. Nc3 Qc7 8. 0-0 cxd4 9. Qxd4 b6 10. Re1 Bb7 11. Bg5 Be7 12. Rad1 e5 13. Qd3 Nc5 14. Qe3 Ncxe4 15. Nxe4 Nxe4 16. Bxe7 Kxe7 17. Bd3 f5 18. Bxe4 Bxe4 19. Nd2 Bd5 20. Qg5+ Ke6 21. c4 Bc6 22. Nb3 Qf7 23. Nd4+ Kd7 24. Rxe5 h6 25. Rxf5 hxg5 26. Rxf7+ 1-0

[Event "San Francisco Franett Memorial"]
[Site "San Francisco"]
[Date "2005.01.11"]
[Round "10"]
[White "Bhat, Vinay S"]
[Black "Ganbold, Odondoo"]
[Result "1-0"]
[WhiteElo "2410"]
[BlackElo "2382"]
[PlyCount "93"]
[EventDate "2005.01.02"]
[EventType "tourn"]
[EventRounds "11"]
[EventCountry "USA"]
[EventCategory "3"]
[SourceTitle "CBM 104 Extra"]
[Source "ChessBase"]
[SourceDate "2005.03.01"]
[SourceVersion "1"]
[SourceVersionDate "2005.03.01"]
[SourceQuality "1"]

1. d4 d6 2. e4 e5 3. Nf3 Nc6 4. Bb5 Bd7 5. Nc3 Nf6 6. 0-0 exd4 7. Nxd4 Be7 8. Bxc6 bxc6 9. Bf4 0-0 10. Qf3 Ne8 11. Rad1 g6 12. e5 d5 13. Nb3 Qc8 14. h3 Ng7 15. Qe2 Re8 16. Na4 Bf8 17. Rfe1 Rb8 18. c3 Rb5 19. Bh6 Qb7 20. Bxg7 Kxg7 21. Qe3 Bc8 22. Nbc5 Qb8 23. b4 Kg8 24. Nb3 Qa8 25. Nac5 a5 26. a4 Rb8 27. Nxa5 Bg7 28. Qd4 Re7 29. g4 Be6 30. Nab3 Rbe8 31. a5 Bc8 32. Nd3 Ba6 33. Nbc5 Bb5 34. f4 Qc8 35. Kg2 h5 36. Kg3 hxg4 37. hxg4 Qd8 38. a6 f6 39. Nb7 fxe5 40. Nxd8 exd4 41. Rxe7 Rxd8 42. Nc5 Bf8 43. Rd7 Re8 44. cxd4 Bd6 45. a7 g5 46. Ne6 gxf4+ 47. Kf2 1-0

[Event "San Francisco Franett Memorial"]
[Site "San Francisco"]
[Date "2005.01.07"]
[Round "6"]
[White "Thornally, Frank"]
[Black "Ganbold, Odondoo"]
[Result "0-1"]
[WhiteElo "2261"]
[BlackElo "2382"]
[PlyCount "36"]
[EventDate "2005.01.02"]
[EventType "tourn"]
[EventRounds "11"]
[EventCountry "USA"]
[EventCategory "3"]
[SourceTitle "CBM 104 Extra"]
[Source "ChessBase"]
[SourceDate "2005.03.01"]
[SourceVersion "1"]
[SourceVersionDate "2005.03.01"]
[SourceQuality "1"]

1. e4 g6 2. d4 Bg7 3. c3 c6 4. Nf3 d5 5. Nbd2 Nf6 6. Bd3 0-0 7. 0-0 Nbd7 8. Re1 dxe4 9. Nxe4 Nxe4 10. Bxe4 e5 11. dxe5 Nxe5 12. Nxe5 Qxd1 13. Rxd1 Bxe5 14. Be3 Bg4 15. f3 Be6 16. Bc2 Rfe8 17. g3 a5 18. Bb3 Bxb3 0-1

[Event "San Francisco Franett Memorial"]
[Site "San Francisco"]
[Date "2005.01.06"]
[Round "5"]
[White "Ganbold, Odondoo"]
[Black "Yap, Nicolas A"]
[Result "1-0"]
[WhiteElo "2382"]
[BlackElo "2189"]
[PlyCount "73"]
[EventDate "2005.01.02"]
[EventType "tourn"]
[EventRounds "11"]
[EventCountry "USA"]
[EventCategory "3"]
[SourceTitle "CBM 104 Extra"]
[Source "ChessBase"]
[SourceDate "2005.03.01"]
[SourceVersion "1"]
[SourceVersionDate "2005.03.01"]
[SourceQuality "1"]

1. e4 c5 2. f4 d5 3. exd5 Nf6 4. Bb5+ Bd7 5. Bxd7+ Qxd7 6. c4 e6 7. Qe2 Bd6 8. f5 0-0 9. fxe6 fxe6 10. dxe6 Qc8 11. Nf3 Re8 12. 0-0 Rxe6 13. Qd1 Nc6 14. d3 Qd7 15. Nc3 Rae8 16. Ng5 R6e7 17. Nge4 Nxe4 18. Nxe4 Be5 19. Kh1 Bd4 20. Bf4 Nb4 21. Nc3 Bxc3 22. bxc3 Nxd3 23. Bg3 Re2 24. Rf3 Re1+ 25. Bxe1 Rxe1+ 26. Qxe1 Nxe1 27. Rxe1 h6 28. h3 Qa4 29. Rg3 Qxa2 30. Re7 Qb1+ 31. Kh2 g6 32. Rf3 h5 33. Rff7 g5 34. Rg7+ Kf8 35. Ref7+ Ke8 36. Rxb7 Qe1 37. Rg8# 1-0

[Event "San Francisco Mark Pinto IM"]
[Site "San Francisco"]
[Date "2004.07.31"]
[Round "11"]
[White "Ganbold, Odondoo"]
[Black "Zilberstein, Dmitry"]
[Result "1-0"]
[WhiteElo "2384"]
[BlackElo "2392"]
[PlyCount "150"]
[EventDate "2004.07.21"]
[EventType "tourn"]
[EventRounds "11"]
[EventCountry "USA"]
[EventCategory "3"]
[SourceTitle "CBM 101 Extra"]
[Source "ChessBase"]
[SourceDate "2004.09.01"]
[SourceVersion "2"]
[SourceVersionDate "2004.09.01"]
[SourceQuality "1"]

1. e4 e5 2. Nc3 Nc6 3. g3 g6 4. Bg2 Bg7 5. Nge2 Nge7 6. d3 d6 7. Be3 Nd4 8. h3 Be6 9. Qd2 d5 10. 0-0-0 Nxe2+ 11. Nxe2 d4 12. Bh6 Bxh6 13. Qxh6 Qd6 14. Qg7 0-0-0 15. a3 c5 16. f4 Nc6 17. fxe5 Qxe5 18. Qxe5 Nxe5 19. h4 Ng4 20. Rd2 Kc7 21. Nf4 Ne3 22. Bf3 b5 23. Ng2 Bg4 24. Bxg4 Nxg4 25. Rf1 Rd7 26. Rf4 h5 27. Ne1 Kd6 28. Nf3 f6 29. Nh2 Nxh2 30. Rxh2 Ke5 31. Rhf2 Rf7 32. g4 hxg4 33. Rxg4 Rh6 34. h5 gxh5 35. Rf5+ Kd6 36. Rh4 Rg7 37. Rd5+ Kc6 38. b4 Rg5 39. Rd8 Kc7 40. Ra8 c4 41. Rxa7+ Kb6 42. Rd7 c3 43. Kb1 Rg1+ 44. Ka2 Rc1 45. Rxd4 Rxc2+ 46. Kb3 Rc1 47. Rd6+ Kb7 48. Rd5 Ka6 49. Rc5 Rg6 50. Rc6+ Kb7 51. Rxc3 Rxc3+ 52. Kxc3 Rh6 53. Kb3 Kc6 54. a4 bxa4+ 55. Kxa4 Kb6 56. Kb3 Kb5 57. Kc3 Rh8 58. d4 Ka4 59. d5 Kb5 60. Kd4 Kxb4 61. d6 Kb5 62. Kd5 Kb6 63. Rh1 Kb7 64. Rc1 h4 65. d7 h3 66. Ke6 h2 67. Kxf6 Rg8 68. Rh1 Kc7 69. Rxh2 Kxd7 70. Kf7 Rg4 71. Rd2+ Kc6 72. e5 Re4 73. e6 Rf4+ 74. Ke8 Re4 75. e7 Kc7 1-0

[Event "San Francisco Mark Pinto IM"]
[Site "San Francisco"]
[Date "2004.07.26"]
[Round "6"]
[White "Aigner, Michael"]
[Black "Ganbold, Odondoo"]
[Result "1/2-1/2"]
[WhiteElo "2224"]
[BlackElo "2384"]
[PlyCount "147"]
[EventDate "2004.07.21"]
[EventType "tourn"]
[EventRounds "11"]
[EventCountry "USA"]
[EventCategory "3"]
[SourceTitle "CBM 101 Extra"]
[Source "ChessBase"]
[SourceDate "2004.09.01"]
[SourceVersion "2"]
[SourceVersionDate "2004.09.01"]
[SourceQuality "1"]

1. e4 d6 2. d4 g6 3. Nc3 Bg7 4. Nf3 Nf6 5. h3 0-0 6. Be3 e5 7. dxe5 dxe5 8. Qxd8 Rxd8 9. Bc4 Be6 10. Bxe6 fxe6 11. Nb5 Na6 12. Nd2 Ne8 13. c3 Nd6 14. a4 Bf8 15. b4 Nf7 16. Na3 Bh6 17. Bxh6 Nxh6 18. Ke2 Nf7 19. Rhd1 c6 20. Nac4 Kg7 21. h4 Kf6 22. g4 h6 23. Nb3 Rac8 24. Rxd8 Rxd8 25. f3 Nb8 26. a5 Na6 27. Rb1 g5 28. h5 Nd6 29. Rd1 Nf7 30. Rxd8 Nxd8 31. Nc1 Nb8 32. Nd3 Nd7 33. Kd2 Nf7 34. Kc2 Ke7 35. Kb3 b6 36. Na3 b5 37. a6 Nd6 38. c4 Kd8 39. cxb5 Nxb5 40. Nc2 Kc7 41. Nc5 Nxc5+ 42. bxc5 Kd7 43. Kc4 Kc7 44. Kd3 Kd7 45. Ne3 Na3 46. Nd1 Nb5 47. Nb2 Na3 48. Kd2 Nb5 49. Nd3 Nc7 50. Nxe5+ Ke8 51. Nxc6 Nxa6 52. Kc3 Nxc5 53. Nxa7 Nd7 54. Nc6 Kf7 55. Kd4 Kf6 56. e5+ Kf7 57. Nd8+ Ke7 58. Nb7 Nb6 59. Nd6 Nd7 60. Ne4 Kf7 61. Nf2 Ke7 62. Nh3 Nb8 63. f4 gxf4 64. Nxf4 Nc6+ 65. Ke4 Kf7 66. Ng6 Na5 67. Kd4 Nb3+ 68. Kc4 Nd2+ 69. Kc5 Ne4+ 70. Kc6 Nf2 71. Kd6 Nxg4 72. Nf4 Ne3 73. Nxe6 Nc4+ 74. Kd5 1/2-1/2